| 000 | 00636nam a2200193Ia 4500 | ||
|---|---|---|---|
| 003 | GCL | ||
| 008 | 140319s9999 xx 000 0 ara d | ||
| 040 |
_aGCL / _cGCL |
||
| 082 | 0 | 4 |
_a922.6 _bس ا |
| 100 | 1 | _aسمير السعيدى | |
| 245 | 1 | 0 |
_aالحسين بن منصور الحلاج: حياته - شعره - نثره / _cسمير السعيدى |
| 490 |
_aالهيئة العامة للاستعلامات _v0 |
||
| 650 | 0 | 4 | _aالتصوف الاسلامى |
| 650 | 0 | 4 | _aالتصوف |
| 650 | 0 | 4 | _aتصوف الفلاسفة |
| 650 | 0 | 4 | _aالصوف |
| 650 | 0 | 4 | _aالتصوف الاسلامى - تاريخ |
| 942 |
_2ddc _cBK |
||
| 999 |
_c47912 _d47912 |
||